Statistics for Dominica Country Quiz

Click here to take the quiz!

General Stats

  • This quiz has been taken 14,919 times
    (14,899 since last reset)
  • The average score is 9 of 13

Answer Stats

HintAnswer% Correct
Sea which Dominica bordersCaribbean Sea
98%
Official languageEnglish
96%
Island chain Dominica is part ofLesser {Antilles}
94%
Dominica and Nicaragua are the only countries to have this color on their flagPurple
81%
Fruit that accounts for more than 39% of the total exportsBanana
80%
French overseas department just south of DominicaMartinique
71%
Capital cityRoseau
67%
16% of government revenues come from selling this to wealthy individuals{Citizen}ship
59%
French overseas department just north of DominicaGuadeloupe
59%
The island is divided into 10 of these administrative divisions (starts with P)Parishes
59%
Significant populations of this whale can found off the coast of Dominica{Sperm} Whale
59%
National bird, which appears on the flagImperial amazon
(a type of parrot)
54%
Dominica's Boiling Lake is the second-largest of these in the worldHot Spring
44%

Score Distribution

Percentile by Number Answered

Percent of People with Each Score

Your Score History

You have not taken this quiz since the last reset